000 00899nas a2200265 4500
001 BR8601347
003 BR-BrBNA
005 20231205090358.0
007 ta
008 230509b bl.|||p| |||| 00| 00por d
040 _aBR-BrBNA
_bpor
_cBiblioteca Nacional de Agricultura
041 _a(Pt)
072 _aL53
100 1 _aAndrade, D.R.
100 1 _aGodinho, H.P.
100 1 _aRibeiro, S.P.
100 1 _aCastro, E.F.T.
245 1 _aCiclo reprodutivo anual de lambaris (Astyanax bimaculatus Linnaeus, 1758)em viveiros
246 1 _aAnnual reproductive cycle of "lambaris" (Astyanax bimaculatus Linnaeus, 1758)in ponds
650 _aLAMBARI
650 _aREPRODUCAO ANIMAL
773 0 _tArquivo Brasileiro de Medicina Veterinaria e Zootecnia (Brazil)
_xISSN 0102-0935
_g(Oct 1985), v. 37(5) p. 435-447
_wBR8601347
909 _a202311
_bLúcia
_c55
_dLúcia Elande
942 _2AGRIS
_n0
_cANA
999 _c118005
_d118005